| 000 | 00601nam a2200205 a 4500 | ||
|---|---|---|---|
| 001 | 16402 | ||
| 005 | 20180713205326.0 | ||
| 008 | 140415s1982 sp 000 0 spa d | ||
| 020 | _a8474900700 | ||
| 041 | _aspa | ||
| 082 |
_a248.2 _bGRY |
||
| 100 | 1 | _aGRYGIEL, STANISLAW | |
| 245 | 1 | 3 |
_aLA VOZ EN EL DESIERTO : _bPOST SCRIPTUM AL MAGISTERIO DE JUAN PABLO II |
| 250 | _a1a ed. | ||
| 260 |
_aESPAÑA : _bEDICIONES ENCUENTRO, _c1982 |
||
| 300 | _a181 | ||
| 490 |
_aLIBROS DE BOLSILLO _v15 |
||
| 650 | 1 | 4 |
_aMISTICISMO _xCRISTIANO _xVIDA ESPIRITUAL |
| 700 | 1 |
_aVILLALBA, ALBERTO _etr. |
|
| 999 |
_c16402 _d16402 |
||